Music mareting (Record no. 16185)
[ view plain ]
| 000 -LEADER | |
|---|---|
| fixed length control field | 00681nam a22001937a 4500 |
| 008 - FIXED-LENGTH DATA ELEMENTS--GENERAL INFORMATION | |
| fixed length control field | 161011b xxu||||| |||| 00| 0 eng d |
| 020 ## - INTERNATIONAL STANDARD BOOK NUMBER | |
| International Standard Book Number | 0876390986 |
| 040 ## - CATALOGING SOURCE | |
| Original cataloging agency | KABU |
| Transcribing agency | KABU |
| 050 ## - LIBRARY OF CONGRESS CALL NUMBER | |
| Classification number | ML3790 |
| Item number | .K56 2009 C.1 |
| 100 ## - MAIN ENTRY--PERSONAL NAME | |
| Personal name | King, Mike |
| 245 ## - TITLE STATEMENT | |
| Title | Music mareting |
| Remainder of title | press, promotion, distribution and retail |
| Statement of responsibility, etc. | Mike King and edited by Jonathan Feist |
| 260 ## - PUBLICATION, DISTRIBUTION, ETC. (IMPRINT) | |
| Name of publisher, distributor, etc. | Berklee press |
| Date of publication, distribution, etc. | 2009 |
| 300 ## - PHYSICAL DESCRIPTION | |
| Extent | viii, 213 p. |
| 650 ## - SUBJECT ADDED ENTRY--TOPICAL TERM | |
| Source of heading or term | Sound recording indusry |
| Geographic subdivision | United States |
| 650 ## - SUBJECT ADDED ENTRY--TOPICAL TERM | |
| Source of heading or term | Sound recordings |
| Form subdivision | Marketing |
| Geographic subdivision | United States |
| 650 ## - SUBJECT ADDED ENTRY--TOPICAL TERM | |
| Source of heading or term | Popular music |
| Form subdivision | Writing and publishing |
| 700 ## - ADDED ENTRY--PERSONAL NAME | |
| Personal name | Feist, Jonathan |
| 942 ## - ADDED ENTRY ELEMENTS (KOHA) | |
| Source of classification or shelving scheme | Library of Congress Classification |
| Koha item type | General Collection |
| Classification part | ML3790.K56 2009 C.1 |
| Withdrawn status | Lost status | Source of classification or shelving scheme | Not for loan | Home library | Current library | Shelving location | Date acquired | Cost, normal purchase price | Total Checkouts | Total Renewals | Full call number | Barcode | Date last seen | Date last checked out | Copy number | Price effective from | Koha item type |
|---|---|---|---|---|---|---|---|---|---|---|---|---|---|---|---|---|---|
| Library of Congress Classification | Kabarak, Main Campus | Kabarak, Main Campus | General Stacks | 11/10/2016 | 1522.86 | 1 | 1 | ML3790 .K56 2009 C.1 | 026883 | 24/11/2017 | 16/11/2017 | C.1 | 11/10/2016 | General Collection |